00888nam a2200229 a 450000100100000000500170001000800410002704000250006808200190009310000410011224501070015325000110026026000350027130000210030649000460032765000260037365000300039970000360042983000530046595201230051899900170064100001862220200929165830.0100512s1954 ag r 000 f spa d aDO-SdBNPbspacBNPHU a943.914bS251c1 aSartre, Jean-Paul,d1905-198091341414aLos caminos de la libertad II :bel aplazamiento /cJean-Paul Sartre ; traducción Manuel R. Cardoso. a3a ed. aBuenos Aires :bLosada,c1954. a387 p. ;c21 cm.1 aLos Grandes Novelistas de Nuestra Época 4aNovela francesa91075 4aLiteratura francesa910741 aCardoso, Manuel R.,etr.940247 0aLos Grandes Novelistas de Nuestra Época940248 001054708MOaGRbGRcCTd2010-05-12iLF1l0o943.914 S251cp18622-10r2020-06-25w2020-06-25y4ZPréstamo en sala c18142d18142